000 00613nam a22002057a 4500
003 BD-DhJNU
005 20250312070833.0
008 250312b |||||||| |||| 00| 0 eng d
040 _aBD-DhJNU
_bENG
_cBD-DhJNU
_dBD-DhJNU
082 _223
_a158.7
100 _aGhiselli, Edwin E.
245 _aPersonnel and industrial psychology /
_cEdwin E. Ghiselli and Clarence W. Brown
250 _a2nd ed.
260 _aNew York :
_bMcGraw Hill Book Company,
_c1959.
300 _aix, 492 p. :
_bill. ;
_c21 cm.
504 _aincludes index
650 _aPsychology
700 _aBrwon, Clarence W.
942 _2ddc
_cBK
_n0
999 _c1474
_d1474